<?xml version="1.0" encoding="UTF-8"?>
<collection xmlns="http://www.loc.gov/MARC21/slim">
 <record>
  <leader>01237nab a2200181 i 4500</leader>
  <controlfield tag="001">misc42396</controlfield>
  <controlfield tag="005">20191106140611.0</controlfield>
  <controlfield tag="008">180706s2010    hu      o     0||   zxx d</controlfield>
  <datafield tag="022" ind1=" " ind2=" ">
   <subfield code="a">1215-5233</subfield>
  </datafield>
  <datafield tag="040" ind1=" " ind2=" ">
   <subfield code="a">SZTE Miscellanea Repozitórium</subfield>
   <subfield code="b">hun</subfield>
  </datafield>
  <datafield tag="041" ind1=" " ind2=" ">
   <subfield code="a">zxx</subfield>
  </datafield>
  <datafield tag="100" ind1="1" ind2=" ">
   <subfield code="a">Tóth Zsuzsa</subfield>
  </datafield>
  <datafield tag="245" ind1="1" ind2="0">
   <subfield code="a">Szövegek közelről; nyelvtanulás</subfield>
   <subfield code="h">[elektronikus dokumentum] :</subfield>
   <subfield code="b">képzés és képzetek; kutatásmódszertan a gyakorlatban: WoPaLP 3 /</subfield>
   <subfield code="c"> Tóth Zsuzsa</subfield>
  </datafield>
  <datafield tag="260" ind1=" " ind2=" ">
   <subfield code="c">2010</subfield>
  </datafield>
  <datafield tag="300" ind1=" " ind2=" ">
   <subfield code="a">131-135</subfield>
  </datafield>
  <datafield tag="490" ind1="0" ind2=" ">
   <subfield code="a">Iskolakultúra</subfield>
   <subfield code="v">20 No. 3</subfield>
  </datafield>
  <datafield tag="520" ind1="3" ind2=" ">
   <subfield code="a">Dióhéjban, címszavakban ezek a témák fémjelzik a Working Papers in Language Pedagogy (WoPaLP) legújabb, 2009 végén megjelent számát. A WoPaLP – az ELTE Angol-Amerikai Intézetének angol nyelvű, lektorált tudományos folyóirata – 2007-ben indult az ELTE Nyelvpedagógia PhD Program keretében, s azóta immár harmadszor jelenik meg. Az eredetileg elsősorban a program résztvevői számára publikálási lehetőséget biztosító on-line kiadvány (http://langped.elte. hu/Wopalpindex.htm) mára szélesebb körben is ismert és elismert, vonzó publikálási fórummá vált.</subfield>
  </datafield>
  <datafield tag="856" ind1="4" ind2="0">
   <subfield code="u">http://misc.bibl.u-szeged.hu/42396/1/1_EPA00011_iskolakultura_2010-03.pdf</subfield>
   <subfield code="z">Dokumentum-elérés </subfield>
  </datafield>
 </record>
</collection>
